<?xml version="1.0" encoding="UTF-8"?>
<record
    xmlns:xsi="http://www.w3.org/2001/XMLSchema-instance"
    xsi:schemaLocation="http://www.loc.gov/MARC21/slim http://www.loc.gov/standards/marcxml/schema/MARC21slim.xsd"
    xmlns="http://www.loc.gov/MARC21/slim">

  <leader>01228nam2a22002651  4500</leader>
  <controlfield tag="001">rc\638369</controlfield>
  <controlfield tag="005">20250621231505.0</controlfield>
  <datafield tag="035" ind1=" " ind2=" ">
    <subfield code="a">(NLR Aleph) 005971652</subfield>
  </datafield>
  <datafield tag="090" ind1=" " ind2=" ">
    <subfield code="a">6941442</subfield>
    <subfield code="c">6941442</subfield>
  </datafield>
  <datafield tag="100" ind1=" " ind2=" ">
    <subfield code="a">20031121d1986    |||y0rusy50      ca</subfield>
  </datafield>
  <datafield tag="101" ind1="0" ind2=" ">
    <subfield code="a">rus</subfield>
  </datafield>
  <datafield tag="102" ind1=" " ind2=" ">
    <subfield code="a">RU</subfield>
  </datafield>
  <datafield tag="105" ind1=" " ind2=" ">
    <subfield code="a">y   |||||||||</subfield>
  </datafield>
  <datafield tag="200" ind1="0" ind2=" ">
    <subfield code="a">... &#x437;&#x430; 1981-1985 &#x433;&#x433;.</subfield>
    <subfield code="f">&#x421;&#x43E;&#x441;&#x442;&#x430;&#x432;&#x438;&#x442;&#x435;&#x43B;&#x44C; &#x422;.&#x412;. &#x414;&#x43E;&#x440;&#x43E;&#x444;&#x435;&#x435;&#x432;&#x430;</subfield>
    <subfield code="g">&#x420;&#x435;&#x434;. &#x418;.&#x413;. &#x41F;&#x430;&#x43B;&#x438;&#x43B;&#x43E;&#x432;&#x430;</subfield>
  </datafield>
  <datafield tag="210" ind1=" " ind2=" ">
    <subfield code="d">1986</subfield>
    <subfield code="a">&#x411;. &#x43C;.</subfield>
  </datafield>
  <datafield tag="215" ind1=" " ind2=" ">
    <subfield code="a">119 &#x441;.</subfield>
  </datafield>
  <datafield tag="461" ind1=" " ind2="0">
    <subfield code="1">001rc\638367</subfield>
    <subfield code="1">2001#$a&#x41E;&#x441;&#x443;&#x448;&#x438;&#x442;&#x435;&#x43B;&#x44C;&#x43D;&#x44B;&#x435; &#x43C;&#x435;&#x43B;&#x438;&#x43E;&#x440;&#x430;&#x442;&#x438;&#x432;&#x43D;&#x44B;&#x435; &#x441;&#x438;&#x441;&#x442;&#x435;&#x43C;&#x44B;$e&#x423;&#x43A;&#x430;&#x437;. &#x43B;&#x438;&#x442;. ...$f&#x412;&#x410;&#x421;&#x425;&#x41D;&#x418;&#x41B;, &#x426;&#x435;&#x43D;&#x442;&#x440;. &#x43D;&#x430;&#x443;&#x447;. &#x441;.-&#x445;. &#x431;-&#x43A;&#x430;$v... &#x437;&#x430; 1981-1985 &#x433;&#x433;.</subfield>
    <subfield code="9">6941425</subfield>
    <subfield code="c">&#x41C;.</subfield>
    <subfield code="d">1986</subfield>
    <subfield code="f">&#x412;&#x410;&#x421;&#x425;&#x41D;&#x418;&#x41B;, &#x426;&#x435;&#x43D;&#x442;&#x440;. &#x43D;&#x430;&#x443;&#x447;. &#x441;.-&#x445;. &#x431;-&#x43A;&#x430;</subfield>
    <subfield code="n">&#x426;&#x41D;&#x421;&#x425;&#x411;</subfield>
    <subfield code="o">&#x423;&#x43A;&#x430;&#x437;. &#x43B;&#x438;&#x442;. ...</subfield>
    <subfield code="t">&#x41E;&#x441;&#x443;&#x448;&#x438;&#x442;&#x435;&#x43B;&#x44C;&#x43D;&#x44B;&#x435; &#x43C;&#x435;&#x43B;&#x438;&#x43E;&#x440;&#x430;&#x442;&#x438;&#x432;&#x43D;&#x44B;&#x435; &#x441;&#x438;&#x441;&#x442;&#x435;&#x43C;&#x44B;</subfield>
    <subfield code="v">... &#x437;&#x430; 1981-1985 &#x433;&#x433;.</subfield>
  </datafield>
  <datafield tag="702" ind1=" " ind2="1">
    <subfield code="a">&#x414;&#x43E;&#x440;&#x43E;&#x444;&#x435;&#x435;&#x432;&#x430;</subfield>
    <subfield code="b">&#x422;.&#x412;.</subfield>
    <subfield code="4">220</subfield>
  </datafield>
  <datafield tag="702" ind1=" " ind2="1">
    <subfield code="4">340</subfield>
    <subfield code="7">ca</subfield>
    <subfield code="8">rus</subfield>
    <subfield code="a">&#x41F;&#x430;&#x43B;&#x438;&#x43B;&#x43E;&#x432;&#x430;</subfield>
    <subfield code="b">&#x418;. &#x413;.</subfield>
    <subfield code="c">&#x431;&#x438;&#x431;&#x43B;&#x438;&#x43E;&#x433;&#x440;&#x430;&#x444;</subfield>
    <subfield code="f">1928-2010</subfield>
    <subfield code="g">&#x418;&#x440;&#x438;&#x43D;&#x430; &#x413;&#x435;&#x43D;&#x43D;&#x430;&#x434;&#x438;&#x435;&#x432;&#x43D;&#x430;</subfield>
    <subfield code="9">225367</subfield>
    <subfield code="3">RU\NLR\AUTH\770225423</subfield>
  </datafield>
  <datafield tag="801" ind1=" " ind2="0">
    <subfield code="a">RU</subfield>
    <subfield code="b">NLR</subfield>
    <subfield code="g">psbo</subfield>
  </datafield>
  <datafield tag="801" ind1=" " ind2="1">
    <subfield code="a">RU</subfield>
    <subfield code="b">ELAR</subfield>
    <subfield code="2">rusmarc</subfield>
  </datafield>
  <datafield tag="852" ind1=" " ind2=" ">
    <subfield code="a">NLR</subfield>
    <subfield code="b">&#x421;</subfield>
    <subfield code="j">&#x41A;-1/3430</subfield>
  </datafield>
  <datafield tag="942" ind1=" " ind2=" ">
    <subfield code="c">BOOK</subfield>
  </datafield>
  <datafield tag="980" ind1=" " ind2=" ">
    <subfield code="a">NB</subfield>
  </datafield>
  <datafield tag="995" ind1=" " ind2=" ">
    <subfield code="5">2013-10-26</subfield>
    <subfield code="b">NLR01</subfield>
    <subfield code="c">NLR01</subfield>
    <subfield code="e">CSB</subfield>
    <subfield code="f">5971652-10</subfield>
    <subfield code="k">&#x421; &#x41A;-1/3430</subfield>
    <subfield code="o">0</subfield>
    <subfield code="r">BOOK</subfield>
    <subfield code="s">_13430</subfield>
  </datafield>
</record>
